Every Character In Percy Jackson And The Olympians By Letter-D - Statistics

General Stats
  • This quiz has been taken 11 times
  • The average score is 3 of 9
Answer Stats
Times Mentioned Answer % Correct
229 Dionysus/Mr D
100%
31 Demeter
80%
236 Daedalus/Quintus
50%
80 The Oracle/Delphi
20%
3 Darrin
10%
6 Dede
10%
2 Delphin
10%
1 Diomedes
10%
1 Mr. De Milo
0%
No matching quizzes found
Score Distribution
Percent of People with Each Score
Percentile by Number Answered
Your Score History
You have not taken this quiz